[Event "45th FIDE Chess Olympiad Open"]
[Site "Budapest, Hungary"]
[Date "2024.09.20"]
[Round "9"]
[White "Juhasz, Agoston"]
[Black "Razanadrakotoarisoa, Toavina"]
[Result "0-1"]
[Board "162"]
[WhiteFideId "778346"]
[BlackFideId "13101439"]
[WhiteTitle "IM"]
[BlackTitle "FM"]
[WhiteElo "2427"]
[BlackElo "2147"]
[WhiteTeam "Hungary C"]
[BlackTeam "Madagascar"]
[WhiteClock "0:00:35"]
[BlackClock "0:01:01"]
[Variant "Standard"]

1. e4 {[%clk 1:30:56]}  c5 {[%clk 1:30:48]} 2. Nf3 {[%clk 1:31:20]}  e6 {[%clk 1:31:12]} 3. b3 {[%clk 1:31:09]}  d5 {[%clk 1:29:21]} 4. Bb5+ {[%clk 1:30:52]}  Nc6 {[%clk 1:25:06]} 5. Bxc6+ {[%clk 1:18:01]}  bxc6 {[%clk 1:25:29]} 6. Qe2 {[%clk 1:17:11]}  Nf6 {[%clk 1:23:00]} 7. d3 {[%clk 1:14:57]}  Be7 {[%clk 1:10:35]} 8. O-O {[%clk 1:14:24]}  Qc7 {[%clk 1:09:38]} 9. c4 {[%clk 1:07:36]}  dxe4 {[%clk 1:00:34]} 10. dxe4 {[%clk 1:05:32]}  e5 {[%clk 1:00:57]} 11. Nc3 {[%clk 1:02:23]}  Bg4 {[%clk 0:56:54]} 12. Na4 {[%clk 0:53:55]}  Rd8 {[%clk 0:55:42]} 13. Qe3 {[%clk 0:51:11]}  Bxf3 {[%clk 0:43:43]} 14. Qxf3 {[%clk 0:50:49]}  O-O {[%clk 0:35:58]} 15. Ba3 {[%clk 0:49:01]}  Qa5 {[%clk 0:33:27]} 16. Bb2 {[%clk 0:42:59]}  Bd6 {[%clk 0:25:18]} 17. Rad1 {[%clk 0:40:08]}  Qc7 {[%clk 0:23:14]} 18. Qf5 {[%clk 0:39:21]}  Qe7 {[%clk 0:22:55]} 19. Rfe1 {[%clk 0:33:59]}  Rfe8 {[%clk 0:20:36]} 20. h3 {[%clk 0:25:37]}  Nd7 {[%clk 0:20:24]} 21. Rd3 {[%clk 0:23:16]}  Nf8 {[%clk 0:18:30]} 22. Rg3 {[%clk 0:14:35]}  g6 {[%clk 0:17:51]} 23. Qg4 {[%clk 0:13:32]}  Ne6 {[%clk 0:17:10]} 24. h4 {[%clk 0:13:32]}  Nd4 {[%clk 0:16:59]} 25. h5 {[%clk 0:07:40]}  Ne6 {[%clk 0:14:38]} 26. Bc1 {[%clk 0:07:20]}  Nf4 {[%clk 0:12:42]} 27. Be3 {[%clk 0:03:21]}  Kh8 {[%clk 0:10:25]} 28. h6 {[%clk 0:00:38]}  Qf8 {[%clk 0:09:24]} 29. Rf3 {[%clk 0:00:49]}  Re6 {[%clk 0:06:25]} 30. Bxf4 {[%clk 0:00:36]}  exf4 {[%clk 0:06:53]} 31. Qg5 {[%clk 0:00:50]}  f6 {[%clk 0:06:53]} 32. Qh4 {[%clk 0:01:05]}  Rde8 {[%clk 0:06:32]} 33. Rd3 {[%clk 0:00:35]}  Rxe4 {[%clk 0:05:56]} 34. Rxe4 {[%clk 0:00:53]}  Rxe4 {[%clk 0:06:24]} 35. f3 {[%clk 0:00:59]}  Rd4 {[%clk 0:06:18]} 36. Nb2 {[%clk 0:00:57]}  Be5 {[%clk 0:04:08]} 37. Kh2 {[%clk 0:01:02]}  Qc8 {[%clk 0:02:21]} 38. Rd1 {[%clk 0:00:43]}  Qf5 {[%clk 0:02:16]} 39. Re1 {[%clk 0:00:34]}  Rd2 {[%clk 0:01:53]} 40. Na4 {[%clk 0:00:39]}  Rxa2 {[%clk 0:00:36]} 41. Nxc5 {[%clk 0:29:11]}  Kg8 {[%clk 0:27:22]} 42. Re4 {[%clk 0:19:12]}  Kf7 {[%clk 0:21:38]} 43. Nd3 {[%clk 0:17:35]}  Ra1 {[%clk 0:21:37]} 44. c5 {[%clk 0:15:35]}  a5 {[%clk 0:19:03]} 45. Nf2 {[%clk 0:12:51]}  Qd7 {[%clk 0:15:40]} 46. Re2 {[%clk 0:07:58]}  Rc1 {[%clk 0:15:43]} 47. Ra2 {[%clk 0:06:50]}  Rxc5 {[%clk 0:14:59]} 48. Ne4 {[%clk 0:06:30]}  Rd5 {[%clk 0:15:19]} 49. b4 {[%clk 0:02:36]}  axb4 {[%clk 0:13:25]} 50. Ra8 {[%clk 0:03:03]}  Bd4 {[%clk 0:12:06]} 51. g4 {[%clk 0:01:40]}  fxg3+ {[%clk 0:12:05]} 52. Nxg3 {[%clk 0:00:39]}  f5 {[%clk 0:10:10]} 53. Kg2 {[%clk 0:00:38]}  b3 {[%clk 0:10:19]} 54. Qf4 {[%clk 0:00:46]}  Be5 {[%clk 0:08:52]} 55. Qb4 {[%clk 0:00:31]}  Rd2+ {[%clk 0:09:15]} 56. Kh1 {[%clk 0:00:33]}  Rd1+ {[%clk 0:07:29]} 57. Nf1 {[%clk 0:01:00]}  Rxf1+ {[%clk 0:05:58]} 58. Kg2 {[%clk 0:01:29]}  Rg1+ {[%clk 0:05:35]} 59. Kxg1 {[%clk 0:01:39]}  Qd4+ {[%clk 0:05:59]} 60. Qxd4 {[%clk 0:02:00]}  Bxd4+ {[%clk 0:06:28]} 61. Kf1 {[%clk 0:02:10]}  b2 {[%clk 0:06:49]} 62. Rb8 {[%clk 0:02:35]}  g5 {[%clk 0:06:45]} 63. Ke2 {[%clk 0:02:56]}  Kg6 {[%clk 0:06:48]} 64. Kd3 {[%clk 0:03:19]}  Bf6 {[%clk 0:05:18]} 65. Kc2 {[%clk 0:03:11]}  g4 {[%clk 0:04:21]} 66. fxg4 {[%clk 0:03:26]}  fxg4 {[%clk 0:04:48]} 67. Rg8+ {[%clk 0:03:39]}  Kh5 {[%clk 0:02:18]} 68. Rg7 {[%clk 0:03:13]}  Bg5 {[%clk 0:02:35]} 69. Rxh7 {[%clk 0:03:18]}  g3 {[%clk 0:02:06]} 70. Rd7 {[%clk 0:03:07]}  Bxh6 {[%clk 0:01:40]} 71. Rd3 {[%clk 0:01:00]}  Kg4 {[%clk 0:01:32]} 72. Rd6 {[%clk 0:00:56]}  g2 {[%clk 0:00:38]} 73. Rxh6 {[%clk 0:00:35]}  b1=Q+ {[%clk 0:01:01]} 0-1

[Event "45th FIDE Chess Olympiad Open"]
[Site "Budapest, Hungary"]
[Date "2024.09.20"]
[Round "9"]
[White "Andriamasoandro, Miora"]
[Black "Karacsonyi, Gellert"]
[Result "1/2-1/2"]
[Board "163"]
[WhiteFideId "13100858"]
[BlackFideId "764620"]
[BlackTitle "IM"]
[WhiteElo "2116"]
[BlackElo "2403"]
[WhiteTeam "Madagascar"]
[BlackTeam "Hungary C"]
[WhiteClock "0:15:31"]
[BlackClock "0:01:34"]
[Variant "Standard"]

1. Nf3 {[%clk 1:30:24]}  Nf6 {[%clk 1:30:34]} 2. g3 {[%clk 1:30:36]}  d5 {[%clk 1:30:45]} 3. Bg2 {[%clk 1:30:56]}  e6 {[%clk 1:29:33]} 4. O-O {[%clk 1:31:13]}  Be7 {[%clk 1:29:53]} 5. d3 {[%clk 1:31:25]}  c5 {[%clk 1:27:16]} 6. Nbd2 {[%clk 1:30:53]}  Nc6 {[%clk 1:25:22]} 7. e4 {[%clk 1:31:06]}  dxe4 {[%clk 1:21:52]} 8. dxe4 {[%clk 1:31:24]}  e5 {[%clk 1:22:09]} 9. c3 {[%clk 1:31:21]}  Qc7 {[%clk 1:15:45]} 10. a4 {[%clk 1:29:30]}  b6 {[%clk 1:14:37]} 11. Qe2 {[%clk 1:28:52]}  O-O {[%clk 1:14:21]} 12. Re1 {[%clk 1:27:57]}  Rd8 {[%clk 1:01:15]} 13. Nf1 {[%clk 1:22:34]}  Na5 {[%clk 0:56:48]} 14. Bg5 {[%clk 1:18:02]}  Bb7 {[%clk 0:42:31]} 15. N3d2 {[%clk 1:12:21]}  h6 {[%clk 0:33:11]} 16. Bxf6 {[%clk 1:09:41]}  Bxf6 {[%clk 0:33:39]} 17. Ne3 {[%clk 1:09:51]}  Bg5 {[%clk 0:33:42]} 18. Ndf1 {[%clk 1:09:20]}  Bxe3 {[%clk 0:28:41]} 19. Nxe3 {[%clk 1:09:22]}  Qd6 {[%clk 0:20:40]} 20. Rad1 {[%clk 1:01:52]}  Qc6 {[%clk 0:16:12]} 21. Qg4 {[%clk 0:51:58]}  Qg6 {[%clk 0:13:41]} 22. Qxg6 {[%clk 0:46:55]}  fxg6 {[%clk 0:14:09]} 23. Nd5 {[%clk 0:44:39]}  Kh7 {[%clk 0:12:55]} 24. Bf1 {[%clk 0:43:39]}  Rd6 {[%clk 0:12:48]} 25. Nc7 {[%clk 0:37:51]}  Rad8 {[%clk 0:12:18]} 26. Rxd6 {[%clk 0:38:01]}  Rxd6 {[%clk 0:12:47]} 27. Nd5 {[%clk 0:38:00]}  Bc6 {[%clk 0:10:46]} 28. Bb5 {[%clk 0:32:33]}  Bxb5 {[%clk 0:05:48]} 29. axb5 {[%clk 0:32:57]}  g5 {[%clk 0:05:56]} 30. h3 {[%clk 0:29:45]}  Nb3 {[%clk 0:06:02]} 31. f3 {[%clk 0:27:27]}  Kg6 {[%clk 0:02:18]} 32. Kf2 {[%clk 0:27:42]}  Kf7 {[%clk 0:02:32]} 33. Ke2 {[%clk 0:26:27]}  h5 {[%clk 0:02:42]} 34. Rd1 {[%clk 0:24:23]}  g6 {[%clk 0:02:28]} 35. Kd3 {[%clk 0:23:49]}  Na5 {[%clk 0:02:35]} 36. Ra1 {[%clk 0:22:36]}  c4+ {[%clk 0:02:29]} 37. Ke3 {[%clk 0:20:51]}  Rd8 {[%clk 0:02:58]} 38. h4 {[%clk 0:17:45]}  gxh4 {[%clk 0:03:21]} 39. gxh4 {[%clk 0:18:11]}  Rc8 {[%clk 0:03:37]} 40. Rg1 {[%clk 0:13:28]}  Rc5 {[%clk 0:03:30]} 41. Rg5 {[%clk 0:13:42]}  Rxb5 {[%clk 0:29:52]} 42. Rxe5 {[%clk 0:43:56]}  Nc6 {[%clk 0:29:55]} 43. Rg5 {[%clk 0:44:05]}  Rxb2 {[%clk 0:30:17]} 44. f4 {[%clk 0:39:44]}  Rh2 {[%clk 0:18:25]} 45. f5 {[%clk 0:37:57]}  Rh3+ {[%clk 0:18:53]} 46. Kf2 {[%clk 0:35:30]}  Rxh4 {[%clk 0:16:17]} 47. Rxg6 {[%clk 0:29:39]}  Ne5 {[%clk 0:15:57]} 48. Re6 {[%clk 0:29:49]}  Rxe4 {[%clk 0:12:16]} 49. Re7+ {[%clk 0:30:03]}  Kf8 {[%clk 0:12:38]} 50. Rxa7 {[%clk 0:30:12]}  Ng4+ {[%clk 0:12:27]} 51. Kg3 {[%clk 0:28:53]}  b5 {[%clk 0:05:58]} 52. Ra5 {[%clk 0:26:13]}  Nh6 {[%clk 0:02:49]} 53. f6 {[%clk 0:22:52]}  h4+ {[%clk 0:01:57]} 54. Kf3 {[%clk 0:23:04]}  Re5 {[%clk 0:00:52]} 55. Rxb5 {[%clk 0:23:08]}  h3 {[%clk 0:01:10]} 56. Rb8+ {[%clk 0:21:21]}  Kf7 {[%clk 0:01:39]} 57. Ne3 {[%clk 0:21:38]}  Kxf6 {[%clk 0:00:37]} 58. Nxc4 {[%clk 0:20:36]}  Rc5 {[%clk 0:00:38]} 59. Ne3 {[%clk 0:17:53]}  Rxc3 {[%clk 0:00:40]} 60. Kf4 {[%clk 0:17:25]}  Rc1 {[%clk 0:00:34]} 61. Rb6+ {[%clk 0:17:26]}  Kg7 {[%clk 0:00:54]} 62. Rb2 {[%clk 0:17:26]}  Rh1 {[%clk 0:00:49]} 63. Kg3 {[%clk 0:15:57]}  Nf7 {[%clk 0:01:13]} 64. Rh2 {[%clk 0:15:28]}  Rg1+ {[%clk 0:01:34]} 65. Kf2 {[%clk 0:15:31]} 1/2-1/2

[Event "45th FIDE Chess Olympiad Open"]
[Site "Budapest, Hungary"]
[Date "2024.09.20"]
[Round "9"]
[White "Vanczak, Tamas"]
[Black "Rakotomaharavo, Dylan"]
[Result "1-0"]
[Board "164"]
[WhiteFideId "759929"]
[BlackFideId "13102761"]
[WhiteTitle "IM"]
[BlackTitle "CM"]
[WhiteElo "2401"]
[BlackElo "2078"]
[WhiteTeam "Hungary C"]
[BlackTeam "Madagascar"]
[WhiteClock "0:11:52"]
[BlackClock "0:42:06"]
[Variant "Standard"]

1. e4 {[%clk 1:30:57]}  c5 {[%clk 1:30:53]} 2. Nf3 {[%clk 1:31:22]}  Nc6 {[%clk 1:31:15]} 3. Bc4 {[%clk 1:31:38]}  e6 {[%clk 1:31:06]} 4. O-O {[%clk 1:31:57]}  Nf6 {[%clk 1:31:08]} 5. Re1 {[%clk 1:31:59]}  d6 {[%clk 1:29:49]} 6. Bb3 {[%clk 1:31:32]}  Be7 {[%clk 1:30:03]} 7. c3 {[%clk 1:31:47]}  O-O {[%clk 1:22:59]} 8. d4 {[%clk 1:28:54]}  cxd4 {[%clk 1:23:25]} 9. cxd4 {[%clk 1:29:19]}  e5 {[%clk 1:22:54]} 10. d5 {[%clk 1:26:32]}  Na5 {[%clk 1:22:40]} 11. Bc2 {[%clk 1:26:31]}  Bg4 {[%clk 1:22:54]} 12. Bd3 {[%clk 1:23:36]}  Rc8 {[%clk 1:19:29]} 13. Nbd2 {[%clk 1:17:38]}  b6 {[%clk 1:18:42]} 14. b4 {[%clk 1:15:06]}  Nb7 {[%clk 1:18:55]} 15. Ba6 {[%clk 1:12:34]}  Rc7 {[%clk 1:19:18]} 16. Bb2 {[%clk 1:12:02]}  Qb8 {[%clk 1:18:51]} 17. a4 {[%clk 1:02:34]}  Rfc8 {[%clk 1:13:05]} 18. Qb3 {[%clk 0:57:54]}  Nh5 {[%clk 1:12:18]} 19. Nc4 {[%clk 0:52:29]}  Nf4 {[%clk 1:09:29]} 20. Na3 {[%clk 0:36:45]}  Rf8 {[%clk 1:06:15]} 21. Nb5 {[%clk 0:35:17]}  Rcc8 {[%clk 1:06:33]} 22. h3 {[%clk 0:32:05]}  Bd7 {[%clk 1:06:36]} 23. Nd2 {[%clk 0:31:58]}  Rfd8 {[%clk 1:01:27]} 24. Nc4 {[%clk 0:28:55]}  Be8 {[%clk 1:01:15]} 25. Bc1 {[%clk 0:28:23]}  f6 {[%clk 1:00:38]} 26. Be3 {[%clk 0:27:24]}  f5 {[%clk 0:53:05]} 27. Bxf4 {[%clk 0:23:03]}  exf4 {[%clk 0:53:26]} 28. e5 {[%clk 0:23:10]}  Bxb5 {[%clk 0:51:41]} 29. Bxb5 {[%clk 0:22:10]}  Kh8 {[%clk 0:51:58]} 30. e6 {[%clk 0:19:08]}  Rc7 {[%clk 0:51:02]} 31. Ba6 {[%clk 0:14:50]}  Rf8 {[%clk 0:49:29]} 32. Na3 {[%clk 0:12:48]}  Bf6 {[%clk 0:48:53]} 33. Rac1 {[%clk 0:12:39]}  Rxc1 {[%clk 0:41:33]} 34. Rxc1 {[%clk 0:12:51]}  f3 {[%clk 0:41:57]} 35. Nb5 {[%clk 0:11:50]}  Rc8 {[%clk 0:42:06]} 36. Rc6 {[%clk 0:11:52]} 1-0

[Event "45th FIDE Chess Olympiad Open"]
[Site "Budapest, Hungary"]
[Date "2024.09.20"]
[Round "9"]
[White "Mohammad Fahad, Rahman"]
[Black "El Jawich, Amro"]
[Result "1/2-1/2"]
[Board "165"]
[WhiteFideId "10207791"]
[BlackFideId "5300380"]
[WhiteTitle "IM"]
[BlackTitle "FM"]
[WhiteElo "2419"]
[BlackElo "2296"]
[WhiteTeam "Bangladesh"]
[BlackTeam "Lebanon"]
[WhiteClock "0:10:44"]
[BlackClock "0:03:56"]
[Variant "Standard"]

1. e4 {[%clk 1:30:35]}  c5 {[%clk 1:30:53]} 2. Nf3 {[%clk 1:30:50]}  Nc6 {[%clk 1:31:15]} 3. d4 {[%clk 1:31:04]}  cxd4 {[%clk 1:31:38]} 4. Nxd4 {[%clk 1:31:28]}  e5 {[%clk 1:31:42]} 5. Nb5 {[%clk 1:31:27]}  d6 {[%clk 1:31:58]} 6. N1c3 {[%clk 1:27:54]}  a6 {[%clk 1:32:10]} 7. Na3 {[%clk 1:28:17]}  Be6 {[%clk 1:32:19]} 8. Nc4 {[%clk 1:27:09]}  Rb8 {[%clk 1:31:28]} 9. Ne3 {[%clk 1:25:51]}  Nf6 {[%clk 1:30:30]} 10. g3 {[%clk 1:24:33]}  Be7 {[%clk 1:28:19]} 11. Bg2 {[%clk 1:24:44]}  h5 {[%clk 1:20:03]} 12. h3 {[%clk 1:11:22]}  h4 {[%clk 1:12:33]} 13. g4 {[%clk 1:11:02]}  Nh7 {[%clk 1:11:10]} 14. Nf5 {[%clk 1:04:58]}  Bf8 {[%clk 1:05:29]} 15. O-O {[%clk 1:02:03]}  g6 {[%clk 1:05:01]} 16. Ne3 {[%clk 1:02:17]}  Bh6 {[%clk 0:59:49]} 17. Qd3 {[%clk 1:01:32]}  O-O {[%clk 0:57:28]} 18. Rd1 {[%clk 1:00:38]}  Nd4 {[%clk 0:50:14]} 19. Ncd5 {[%clk 0:45:32]}  Bd7 {[%clk 0:36:13]} 20. Nc4 {[%clk 0:32:57]}  Bxc1 {[%clk 0:36:00]} 21. Raxc1 {[%clk 0:33:25]}  b5 {[%clk 0:23:43]} 22. Nxd6 {[%clk 0:26:01]}  Bxg4 {[%clk 0:20:49]} 23. hxg4 {[%clk 0:25:45]}  Qxd6 {[%clk 0:20:49]} 24. c3 {[%clk 0:25:44]}  Nc6 {[%clk 0:20:58]} 25. Qh3 {[%clk 0:25:36]}  Qd8 {[%clk 0:15:22]} 26. Nb4 {[%clk 0:25:13]}  Qf6 {[%clk 0:15:14]} 27. Nxc6 {[%clk 0:25:22]}  Qxc6 {[%clk 0:15:42]} 28. Qxh4 {[%clk 0:25:45]}  g5 {[%clk 0:14:37]} 29. Qg3 {[%clk 0:24:50]}  Rfe8 {[%clk 0:14:00]} 30. Rd5 {[%clk 0:21:27]}  Qf6 {[%clk 0:13:41]} 31. Rcd1 {[%clk 0:21:18]}  Nf8 {[%clk 0:08:27]} 32. Rd6 {[%clk 0:17:28]}  Qg7 {[%clk 0:07:14]} 33. Rxa6 {[%clk 0:17:07]}  Ng6 {[%clk 0:07:21]} 34. Bf1 {[%clk 0:16:53]}  Nf4 {[%clk 0:06:51]} 35. Qe3 {[%clk 0:15:41]}  Qh7 {[%clk 0:05:26]} 36. Rdd6 {[%clk 0:15:08]}  Kg7 {[%clk 0:04:25]} 37. Rd7 {[%clk 0:06:26]}  Qh4 {[%clk 0:02:22]} 38. Qf3 {[%clk 0:05:38]}  Rh8 {[%clk 0:02:03]} 39. Bg2 {[%clk 0:06:07]}  Rh7 {[%clk 0:01:12]} 40. Raa7 {[%clk 0:05:01]}  Kg6 {[%clk 0:00:34]} 41. Kf1 {[%clk 0:27:28]}  Rbh8 {[%clk 0:10:45]} 42. Qg3 {[%clk 0:27:26]}  Qh2 {[%clk 0:05:30]} 43. Rd6+ {[%clk 0:11:49]}  Kg7 {[%clk 0:05:57]} 44. Rdd7 {[%clk 0:12:04]}  Kg6 {[%clk 0:05:43]} 45. Bf3 {[%clk 0:11:02]}  Rh3 {[%clk 0:03:21]} 46. Qxh2 {[%clk 0:11:30]}  Rxh2 {[%clk 0:03:45]} 47. Ke1 {[%clk 0:11:55]}  R8h3 {[%clk 0:03:16]} 48. Be2 {[%clk 0:12:22]}  Rg2 {[%clk 0:02:58]} 49. Rxf7 {[%clk 0:10:18]}  Rh1+ {[%clk 0:03:03]} 50. Kd2 {[%clk 0:10:13]}  Rxf2 {[%clk 0:03:10]} 51. Rg7+ {[%clk 0:10:21]}  Kf6 {[%clk 0:03:17]} 52. Raf7+ {[%clk 0:09:18]}  Ke6 {[%clk 0:03:45]} 53. Re7+ {[%clk 0:09:38]}  Kf6 {[%clk 0:02:50]} 54. Rgf7+ {[%clk 0:09:47]}  Kg6 {[%clk 0:03:13]} 55. Rg7+ {[%clk 0:10:03]}  Kf6 {[%clk 0:03:36]} 56. Rgf7+ {[%clk 0:10:21]}  Kg6 {[%clk 0:03:56]} 57. Rg7+ {[%clk 0:10:44]} 1/2-1/2

[Event "45th FIDE Chess Olympiad Open"]
[Site "Budapest, Hungary"]
[Date "2024.09.20"]
[Round "9"]
[White "Khoder, Akram"]
[Black "Manon, Reja Neer"]
[Result "0-1"]
[Board "166"]
[WhiteFideId "5306914"]
[BlackFideId "10224009"]
[WhiteTitle "FM"]
[BlackTitle "FM"]
[WhiteElo "2239"]
[BlackElo "2417"]
[WhiteTeam "Lebanon"]
[BlackTeam "Bangladesh"]
[WhiteClock "0:03:18"]
[BlackClock "0:05:19"]
[Variant "Standard"]

1. d4 {[%clk 1:30:46]}  Nf6 {[%clk 1:30:47]} 2. c4 {[%clk 1:30:54]}  e6 {[%clk 1:31:03]} 3. Nf3 {[%clk 1:31:11]}  c5 {[%clk 1:30:42]} 4. d5 {[%clk 1:31:35]}  b5 {[%clk 1:30:37]} 5. dxe6 {[%clk 1:31:42]}  fxe6 {[%clk 1:31:05]} 6. cxb5 {[%clk 1:32:00]}  d5 {[%clk 1:31:33]} 7. Nc3 {[%clk 1:32:11]}  Nbd7 {[%clk 1:31:04]} 8. e4 {[%clk 1:31:45]}  Bb7 {[%clk 1:26:55]} 9. Ng5 {[%clk 1:11:08]}  Qe7 {[%clk 1:04:13]} 10. Bd3 {[%clk 1:02:06]}  h6 {[%clk 0:54:53]} 11. Nh3 {[%clk 1:02:16]}  d4 {[%clk 0:54:42]} 12. Nb1 {[%clk 1:02:21]}  Ne5 {[%clk 0:53:31]} 13. O-O {[%clk 0:54:12]}  Nxd3 {[%clk 0:43:10]} 14. Qxd3 {[%clk 0:54:31]}  Bxe4 {[%clk 0:43:37]} 15. Qe2 {[%clk 0:52:19]}  g5 {[%clk 0:43:22]} 16. Nd2 {[%clk 0:49:01]}  Bf5 {[%clk 0:42:47]} 17. f4 {[%clk 0:47:52]}  g4 {[%clk 0:38:01]} 18. Nf2 {[%clk 0:48:11]}  Bg7 {[%clk 0:38:10]} 19. Nde4 {[%clk 0:43:46]}  Nxe4 {[%clk 0:33:17]} 20. Nxe4 {[%clk 0:44:11]}  Rd8 {[%clk 0:27:53]} 21. Ng3 {[%clk 0:43:20]}  d3 {[%clk 0:26:48]} 22. Qf2 {[%clk 0:43:38]}  O-O {[%clk 0:24:51]} 23. Be3 {[%clk 0:40:20]}  c4 {[%clk 0:25:18]} 24. Kh1 {[%clk 0:36:52]}  Qb4 {[%clk 0:24:16]} 25. Rab1 {[%clk 0:27:27]}  Qxb5 {[%clk 0:23:51]} 26. Bd2 {[%clk 0:27:23]}  Bg6 {[%clk 0:14:42]} 27. Bc3 {[%clk 0:24:06]}  Qd7 {[%clk 0:12:27]} 28. Qd2 {[%clk 0:22:56]}  h5 {[%clk 0:10:56]} 29. f5 {[%clk 0:17:13]}  exf5 {[%clk 0:07:27]} 30. Qg5 {[%clk 0:17:42]}  f4 {[%clk 0:06:10]} 31. Nxh5 {[%clk 0:12:06]}  Bxh5 {[%clk 0:06:22]} 32. Qxh5 {[%clk 0:12:35]}  Qf5 {[%clk 0:04:49]} 33. Qh4 {[%clk 0:13:04]}  Rd7 {[%clk 0:04:36]} 34. Qe1 {[%clk 0:07:44]}  Qd5 {[%clk 0:03:12]} 35. Qh4 {[%clk 0:05:37]}  Bxc3 {[%clk 0:02:30]} 36. bxc3 {[%clk 0:05:53]}  Qf5 {[%clk 0:02:52]} 37. Qf2 {[%clk 0:00:39]}  g3 {[%clk 0:02:37]} 38. Qd2 {[%clk 0:00:35]}  Rh7 {[%clk 0:02:21]} 39. h3 {[%clk 0:00:53]}  Qe4 {[%clk 0:01:51]} 40. Kg1 {[%clk 0:00:31]}  Qe3+ {[%clk 0:01:38]} 41. Qxe3 {[%clk 0:01:00]}  fxe3 {[%clk 0:02:08]} 42. Rxf8+ {[%clk 0:00:36]}  Kxf8 {[%clk 0:02:36]} 43. Rb8+ {[%clk 0:01:00]}  Kg7 {[%clk 0:02:47]} 44. Rb7+ {[%clk 0:01:28]}  Kg6 {[%clk 0:03:03]} 45. Rxh7 {[%clk 0:01:56]}  Kxh7 {[%clk 0:03:25]} 46. Kf1 {[%clk 0:02:24]}  Kg6 {[%clk 0:03:48]} 47. Ke1 {[%clk 0:02:23]}  Kf5 {[%clk 0:04:12]} 48. Kd1 {[%clk 0:02:25]}  Kf4 {[%clk 0:04:36]} 49. Ke1 {[%clk 0:02:44]}  a5 {[%clk 0:05:00]} 50. a4 {[%clk 0:02:54]}  Ke4 {[%clk 0:04:59]} 51. Kd1 {[%clk 0:03:18]}  e2+ {[%clk 0:05:19]} 0-1

[Event "45th FIDE Chess Olympiad Open"]
[Site "Budapest, Hungary"]
[Date "2024.09.20"]
[Round "9"]
[White "Hossain, Enamul"]
[Black "Arkadan, Adib"]
[Result "0-1"]
[Board "167"]
[WhiteFideId "10200649"]
[BlackFideId "5304946"]
[WhiteTitle "GM"]
[WhiteElo "2354"]
[BlackElo "2181"]
[WhiteTeam "Bangladesh"]
[BlackTeam "Lebanon"]
[WhiteClock "0:01:28"]
[BlackClock "0:08:36"]
[Variant "Standard"]

1. d4 {[%clk 1:30:47]}  Nf6 {[%clk 1:30:31]} 2. c4 {[%clk 1:30:59]}  g6 {[%clk 1:30:40]} 3. Nc3 {[%clk 1:31:12]}  Bg7 {[%clk 1:31:06]} 4. Nf3 {[%clk 1:31:26]}  O-O {[%clk 1:31:00]} 5. Bg5 {[%clk 1:31:42]}  c5 {[%clk 1:30:12]} 6. d5 {[%clk 1:32:03]}  d6 {[%clk 1:30:32]} 7. e3 {[%clk 1:32:15]}  Qb6 {[%clk 1:23:30]} 8. Rb1 {[%clk 1:31:41]}  e5 {[%clk 1:21:37]} 9. Bd3 {[%clk 1:27:49]}  Nbd7 {[%clk 1:19:44]} 10. O-O {[%clk 1:27:09]}  Kh8 {[%clk 1:04:51]} 11. e4 {[%clk 1:19:59]}  Ng8 {[%clk 1:03:10]} 12. Bc2 {[%clk 1:10:59]}  f6 {[%clk 1:01:11]} 13. Bh4 {[%clk 1:09:27]}  Ne7 {[%clk 0:54:00]} 14. a3 {[%clk 1:08:01]}  a6 {[%clk 0:45:14]} 15. Ne1 {[%clk 1:00:10]}  Qc7 {[%clk 0:44:07]} 16. Bd3 {[%clk 0:54:34]}  Nb6 {[%clk 0:37:42]} 17. Nc2 {[%clk 0:46:32]}  f5 {[%clk 0:35:25]} 18. f3 {[%clk 0:42:41]}  f4 {[%clk 0:35:02]} 19. b4 {[%clk 0:41:36]}  Bf6 {[%clk 0:23:04]} 20. Bf2 {[%clk 0:41:07]}  Nd7 {[%clk 0:23:04]} 21. Na4 {[%clk 0:38:51]}  b6 {[%clk 0:23:13]} 22. bxc5 {[%clk 0:37:55]}  bxc5 {[%clk 0:23:36]} 23. Na1 {[%clk 0:37:55]}  g5 {[%clk 0:17:21]} 24. Nb3 {[%clk 0:37:30]}  Ng6 {[%clk 0:17:01]} 25. Qd2 {[%clk 0:36:32]}  Bd8 {[%clk 0:17:04]} 26. Be1 {[%clk 0:32:44]}  a5 {[%clk 0:16:58]} 27. Nc3 {[%clk 0:30:54]}  Nf6 {[%clk 0:17:27]} 28. Nb5 {[%clk 0:31:05]}  Qe7 {[%clk 0:17:31]} 29. Bf2 {[%clk 0:29:45]}  a4 {[%clk 0:12:40]} 30. Nxc5 {[%clk 0:25:20]}  dxc5 {[%clk 0:13:03]} 31. d6 {[%clk 0:25:37]}  Qg7 {[%clk 0:11:18]} 32. Bxc5 {[%clk 0:25:38]}  g4 {[%clk 0:11:32]} 33. Nc7 {[%clk 0:18:20]}  Bxc7 {[%clk 0:08:33]} 34. dxc7 {[%clk 0:18:43]}  Rg8 {[%clk 0:05:58]} 35. Bd6 {[%clk 0:10:32]}  gxf3 {[%clk 0:05:31]} 36. Rb8 {[%clk 0:09:03]}  Be6 {[%clk 0:05:01]} 37. Rfb1 {[%clk 0:06:03]}  Nd7 {[%clk 0:02:53]} 38. Rxa8 {[%clk 0:04:55]}  Rxa8 {[%clk 0:03:22]} 39. c5 {[%clk 0:01:13]}  Rg8 {[%clk 0:02:53]} 40. c6 {[%clk 0:01:08]}  Nf6 {[%clk 0:33:02]} 41. Rb8 {[%clk 0:19:06]}  Bc8 {[%clk 0:20:36]} 42. Qb2 {[%clk 0:08:28]}  Ne8 {[%clk 0:10:18]} 43. Rxc8 {[%clk 0:07:54]}  Nxd6 {[%clk 0:10:42]} 44. Rxg8+ {[%clk 0:07:32]}  Qxg8 {[%clk 0:09:48]} 45. Qb8 {[%clk 0:03:20]}  Nc8 {[%clk 0:09:15]} 46. Bc4 {[%clk 0:02:42]}  Qf8 {[%clk 0:08:41]} 47. Be6 {[%clk 0:01:28]}  Qc5+ {[%clk 0:08:36]} 0-1

[Event "45th FIDE Chess Olympiad Open"]
[Site "Budapest, Hungary"]
[Date "2024.09.20"]
[Round "9"]
[White "Assaad, Joe"]
[Black "Zia, Tahsin Tajwar"]
[Result "0-1"]
[Board "168"]
[WhiteFideId "5310504"]
[BlackFideId "10211888"]
[BlackTitle "FM"]
[WhiteElo "2150"]
[BlackElo "2255"]
[WhiteTeam "Lebanon"]
[BlackTeam "Bangladesh"]
[WhiteClock "0:00:31"]
[BlackClock "0:53:18"]
[Variant "Standard"]

1. e4 {[%clk 1:30:57]}  c6 {[%clk 1:30:42]} 2. d4 {[%clk 1:31:05]}  d5 {[%clk 1:31:07]} 3. Nd2 {[%clk 1:31:07]}  dxe4 {[%clk 1:31:32]} 4. Nxe4 {[%clk 1:31:30]}  Nf6 {[%clk 1:31:42]} 5. Nxf6+ {[%clk 1:31:51]}  exf6 {[%clk 1:32:10]} 6. c3 {[%clk 1:31:48]}  Bd6 {[%clk 1:32:35]} 7. Bd3 {[%clk 1:32:11]}  O-O {[%clk 1:32:57]} 8. Ne2 {[%clk 1:32:35]}  Re8 {[%clk 1:33:23]} 9. Qc2 {[%clk 1:32:57]}  h5 {[%clk 1:33:51]} 10. Be3 {[%clk 1:33:15]}  Nd7 {[%clk 1:34:03]} 11. O-O-O {[%clk 1:33:36]}  b5 {[%clk 1:33:57]} 12. d5 {[%clk 1:33:58]}  c5 {[%clk 1:34:22]} 13. Bxb5 {[%clk 1:34:21]}  Rb8 {[%clk 1:34:32]} 14. c4 {[%clk 1:33:14]}  a6 {[%clk 1:29:25]} 15. Bxd7 {[%clk 1:32:02]}  Bxd7 {[%clk 1:29:19]} 16. a3 {[%clk 1:10:31]}  g6 {[%clk 1:26:35]} 17. Nc3 {[%clk 1:08:58]}  Bf5 {[%clk 1:26:27]} 18. Qd2 {[%clk 1:05:49]}  Rb3 {[%clk 1:21:24]} 19. Rde1 {[%clk 0:28:06]}  Qb8 {[%clk 1:18:22]} 20. Bh6 {[%clk 0:21:35]}  Be5 {[%clk 1:06:38]} 21. Re3 {[%clk 0:14:44]}  Kh7 {[%clk 1:03:27]} 22. g4 {[%clk 0:00:47]}  hxg4 {[%clk 1:01:31]} 23. Rxe5 {[%clk 0:00:33]}  Qxe5 {[%clk 1:01:24]} 24. Be3 {[%clk 0:00:59]}  Reb8 {[%clk 0:58:41]} 25. Rd1 {[%clk 0:00:56]}  Qc7 {[%clk 0:52:36]} 26. Bf4 {[%clk 0:00:54]}  Rxc3+ {[%clk 0:52:38]} 27. Qxc3 {[%clk 0:01:21]}  Qxf4+ {[%clk 0:53:02]} 28. Qd2 {[%clk 0:00:31]}  Qxc4+ {[%clk 0:53:18]} 0-1